| 000 | 01790nam a22002177a 4500 | ||
|---|---|---|---|
| 008 | 130509s1922 sp ||||f |||| 00| 0 spa d | ||
| 040 |
_cSandra Yazo (modificó) _dSandra Yazo (modificó) |
||
| 082 |
_220 _a347.05 |
||
| 092 | _aE26N024 | ||
| 100 | 1 |
_aChiovenda, Giuseppe, _d1872-1937 _937108 |
|
| 245 | 1 |
_aPrincipios de derecho procesal civil _bTomo I _cpor José Chiovenda ; traducción española de la tercera edición italiana prólogo y notas del profesor José Casais y Santaló |
|
| 260 |
_aMadrid _bEditorial Reus _c1922 |
||
| 300 |
_aiii, 731 p. _c23 x 16 cm. |
||
| 500 | _aDetalles físicos: Encuadernación rígida en cartón forrada en tela, lomo en cuero con nervaduras sobre costuras, letras y adornos en dorado Guardas. Portada impresa en una sola tinta. Texto impreso sobre papel de regular calidad, notas al pie de página. Papel con algunas manchas. | ||
| 505 | _aV.1: Introducción. ; Generalidades acerca de la historia, la legislación y la literatura procesales. ; Plan para el estudio del derecho procesal – Conceptos fundamentales. ; La actuación de la ley en el proceso civil. Sus formas y condiciones (Condiciones de la acción). ; Los presupuestos procesales: Órganos del Estado en el proceso. ; La jurisdicción. ; Capacidad general de los órganos jurisdiccionales (Organismos judicial). ; Formación de los funcionarios judiciales y su condición jurídica. ; Apéndice al capítulo II. ; Capacidad especial objetiva de los órganos jurisdiccionales (la competencia). ; Capacidad especial subjetiva de los órganos jurisdiccionales. | ||
| 506 | _aConsulta en sala | ||
| 650 | 7 |
_2Derecho civil _zEspaña _937109 |
|
| 650 | 7 |
_912765 _aDerecho español _xProcedimiento civil |
|
| 690 | _aDerecho | ||
| 942 |
_cLIBRO _e1 _2DEWEY _h347.05 |
||
| 999 |
_c166653 _d166653 |
||